1791 1940 1446 1870 1196 1311 1856 1408 1611 1396 1909 1854 1031 1957 1366 1088 1636 1535 1286 1794 1027 1728 1967 1462 1534 1894 1631 1358 1410 1426 1937 1933 1543 1655 1873 1311 1553 1785 1174 1096 1103 1151 1737 1397 1825 1923 1338 1334 1323 1711 1437 1096 1061 1508 1127 1945 1594 1965 1606 1477 1185 1191 1255 1406 1513 1774 1138 1940 1751 1435 1052 1108 1476 1978 1435 1512 1855 1145 1228 1688 1668 1691 1332 1005 1078 1961 1821 1777 1142 1378 1208 1198 1593 1171 1895 1562 1321 1368 1884 BCNSPRNW ULIB Ver.6.0+V

เปลี่ยนเป็นภาษาไทย

Change to English
 แสดงรายละเอียดบรรณานุกรม
  กลับหน้าหลัก

Brief Record : Get Marc (ISO 2709) : E-mail record : QR code < ปิดหน้าต่าง
LEADER : 00000nam 2200000uu 4500
001    13399125569
003     ULIB
008    170630s2558||||th 000 0 tha d
020    ^a9789740334187
060  4 ^aWB50^bส253ห
100 0  ^aสมนึก นิลบุหงา
245 10 ^aหมอในบ้าน :^bรู้จักโรค รู้จักยา รู้จักป้องกัน /^cสมนึก (เฉง) นิลบุหงา
250    ^aพิมพ์ครั้งที่ 1
260    ^aกรุงเทพฯ :^bสำนักพิมพ์แห่งจุฬาลงกรณ์มหาวิทยาลัย,^c2558
300    ^a378 หน้า :^bภาพประกอบ ;^c21 ซม
505 2  ^aยาที่ใช้บ่อย -- การช่วยชีวิตพื้นฐาน -- โรคเบาหวานความดันและไขมันในหลอดเลือด -- ระบบหัวใจและหลอดเลือด --ระบบประสาท -- ตาและโรคของตา -- หูและโรคของหู -- ระบบหายใจ --โรคภูมิแพ้-- โรคทางเดินอาหาร -- ระบบเลือด -- โรคต่อมไร้ท่อ --ระบบผิวหนัง -- โรคติดเชื้อ -- โรคของกระดูก กล้ามเนื้อ และข้อ --ระบบทางเดินปัสสาวะ -- ระบบสืบพันธุ์ของสตรี --ยาเสพติดที่พบบ่อยในประเทศไทยและบุหรี่
650  4 ^aโรค^xการป้องกันและควบคุม
650  4 ^aยา
945    ^p0^l0^i002485
945    ^p0^l0^i002486
945    ^p0^l0^i002487
945    ^p0^l0^i002488
945    ^p0^l0^i002489
999    ^aวรรณษา ชูชัยมงคล
รายการนี้ยังไม่มีแท็ก
คุณยังไม่ได้ล็อกอิน คุณสามารถมีกิจกรรมร่วมกับเว็บไซต์ได้ แต่ต้องล็อกอินก่อน ::
  ล็อกอิน

รายการสื่อสารสนเทศ

ลำดับที่ ประเภท เลขเรียก/บาร์โค้ด สถานที่ สถานะ
1. วิทยาศาสตร์การแพทย์ และสุขภาพ
วิทยาศาสตร์การแพทย์ และสุขภาพ
สถานะ=หนังสือเก่า
WB50 ส253ห ฉ.1 
  Barcode: 002485
ห้องสมุดวิทยาเขตสวรรค์ประชารักษ์
►ส่วนจัดเก็บหนังสือเก่า สปร
บนชั้น
  ขอยืม
2. วิทยาศาสตร์การแพทย์ และสุขภาพ
วิทยาศาสตร์การแพทย์ และสุขภาพ
สถานะ=หนังสือเก่า
WB50 ส253ห ฉ.2 
  Barcode: 002486
ห้องสมุดวิทยาเขตสวรรค์ประชารักษ์
►ส่วนจัดเก็บหนังสือเก่า สปร
บนชั้น
  ขอยืม
3. วิทยาศาสตร์การแพทย์ และสุขภาพ
วิทยาศาสตร์การแพทย์ และสุขภาพ
สถานะ=หนังสือเก่า
WB50 ส253ห ฉ.3 
  Barcode: 002487
ห้องสมุดวิทยาเขตสวรรค์ประชารักษ์
►ส่วนจัดเก็บหนังสือเก่า สปร
บนชั้น
  ขอยืม
4. วิทยาศาสตร์การแพทย์ และสุขภาพ
วิทยาศาสตร์การแพทย์ และสุขภาพ
สถานะ=หนังสือเก่า
WB50 ส253ห ฉ.4 
  Barcode: 002488
ห้องสมุดวิทยาเขตสวรรค์ประชารักษ์
►ส่วนจัดเก็บหนังสือเก่า สปร
บนชั้น
  ขอยืม
5. วิทยาศาสตร์การแพทย์ และสุขภาพ
วิทยาศาสตร์การแพทย์ และสุขภาพ
สถานะ=หนังสือเก่า
WB50 ส253ห ฉ.5 
  Barcode: 002489
ห้องสมุดวิทยาเขตสวรรค์ประชารักษ์
►ส่วนจัดเก็บหนังสือเก่า สปร
บนชั้น
  ขอยืม

รายการใกล้เคียง
    ผู้แต่ง [สมนึก นิลบุหงา]

    หัวเรื่อง [ยา]

BibComment


ยังไม่เคยถูกคอมเมนท์

คอมเมนท์ทรัพยากรรายการนี้
  คอมเมนท์: หมอในบ้าน รู้จั..


 Copyright 2026. Bcnsprnw @Library